书目信息 |
| 题名: |
复分析
|
|
| 作者: | 郑建华 编著 | |
| 分册: | ||
| 出版信息: | 北京 清华大学出版社 2000.03 |
|
| 页数: | 265页 | |
| 开本: | 16cm | |
| 丛书名: | ||
| 单 册: | ||
| 中图分类: | O174.5 | |
| 科图分类: | ||
| 主题词: | 数学分析 | |
| 电子资源: | ||
| ISBN: | 7-302-01453-1 | |
| 000 | 00539nam0 2200193 45 | |
| 001 | 0238611987 | |
| 005 | 2002061010433119 | |
| 010 | @a7-302-01453-1@b压膜@dRMB 11.00 | |
| 100 | @a20020610d2000 km y0chiy0120 ea | |
| 101 | 0 | @achi |
| 102 | @aCN@b110000 | |
| 200 | 1 | @a复分析@AFu Fen Xi@f郑建华编著@Fzheng jian hua bian zhu |
| 210 | @a北京@c清华大学出版社@d2000.03 | |
| 215 | @a265页@d16cm | |
| 606 | 0 | @a数学分析 |
| 690 | @aO174.5@v3 | |
| 701 | 0 | @a郑建华@Azheng jian hua@4编著 |
| 801 | 0 | @aCN@bPFT@c20020610 |
| 905 | @a安徽大学@dO174.5@eZ435 | |
| 复分析/郑建华编著.-北京:清华大学出版社,2000.03 |
| 265页;16cm |
| ISBN 7-302-01453-1(压膜):RMB 11.00 |
| ● |
| 相关链接 |
|
|
|
正题名:复分析
索取号:O174.5/Z435
 
预约/预借
| 序号 | 登录号 | 条形码 | 馆藏地/架位号 | 状态 | 备注 |
| 1 | 359934 | 203599347 | 自科库401/401自科库 45排1列2层/ [索取号:O174.5/Z435] | 在馆 | |
| 2 | 359935 | 203599356 | 自科库401/401自科库 45排1列2层/ [索取号:O174.5/Z435] | 在馆 |